ბათუმის შოთა რუსთაველის სახელმწიფო უნივერსიტეტის ბიბლიოთეკა

აზიისა და აფრიკის ქვეყნების ისტორიის საკითხები : (ბიბ.ჩანაწერი № 56114)

000 -ლიდერი
ფიქსირებული სიგრძის საკონტროლო ველი 02187nam a2200301Ia 4500
001 - საკონტროლო ნომერი
საკონტროლო ველი 23215
003 - საკონტროლო ნომრის იდენტიფიკატორი
საკონტროლო ველი GE_BSU
005 - ბოლო ოპერაციის თარიღი და დრო
საკონტროლო ველი 20210224150207.0
008 - ფიქსირებული სიგრძის მონაცემთა ელემენტები - ზოგადი ინფორმაცია
ფიქსირებული სიგრძის საკონტროლო ველი 181216s1993||||ge |||||||||||||| ||geo||
020 ## - წიგნის საერთაშორისო სტანდარტული ნომერი
International Standard Book Number 5511005487
040 ## - კატალოგიზაციის წყარო
Transcribing agency GE_BSU
041 ## - ენის კოდი
Language code of text/sound track or separate title geo
080 ## - უნივერსალური ათობითი კლასიფიკაციის ინდექსი
Universal Decimal Classification number 94(5)+323.1(5) ა-36
245 ## - ცნობა სათაურის შესახებ
Title აზიისა და აფრიკის ქვეყნების ისტორიის საკითხები :
Remainder of title (ეთნოკონფესიონალური ურთიერთობანი). წ. 1 /
Statement of responsibility, etc რედ.: ალ. მენთეშაშვილი, ზ. მენთეშაშვილი.
264 ## - წარმოების, გამოცემის, დისტრიბუციის და სხვა ცნობები
გამოცემის, წარმოების, დისტრიბუციის... ადგილი თბილისი :
გამოცემის, წარმოების, დისტრიბუციის... სახელწოდება თბილ. უნ-ტის გამ-ბა,
გამოცემის, წარმოების, დისტრიბუციის... თარიღი 1993.
300 ## - ფიზიკური აღწერა
Extent 391 გვ.;
Other physical details 22 სმ.
520 ## - SUMMARY, ETC.
Summary, etc სახელმძღვანელოში გაშუქებულია აღმოსავლური რელიგიების როლი ახლო და შუა აღმოსავლეთის, სამხრეთ და სამხრეთ - აღმოსავლეთ აზიის, ჩრდილო, ტროპიკული და სამხრეთ აფრიკის ქვეყნების საზ-პოლიტიკურ და კულტურულ ცხოვრებაში და სხვ.
653 ## - INDEX TERM--UNCONTROLLED
Uncontrolled term ისტორია
653 ## - INDEX TERM--UNCONTROLLED
Uncontrolled term აზიის ქვეყნების ისტორია
653 ## - INDEX TERM--UNCONTROLLED
Uncontrolled term აფრიკის ქვეყნების ისტორია
653 ## - INDEX TERM--UNCONTROLLED
Uncontrolled term რელიგია აზიის ქვეყნებში
653 ## - INDEX TERM--UNCONTROLLED
Uncontrolled term რელიგია აფრიკის ქვეყნებში
653 ## - INDEX TERM--UNCONTROLLED
Uncontrolled term ეროვნული საკითხი აზიის ქვეყნებში
653 ## - INDEX TERM--UNCONTROLLED
Uncontrolled term ეროვნული საკითხი აფრიკის ქვეყნებში
700 ## - ADDED ENTRY--PERSONAL NAME
Personal name მენთეშაშვილი, ალ.
Relator term რედაქტორი
9 (RLIN) 10208
700 ## - ADDED ENTRY--PERSONAL NAME
Personal name მენთეშაშვილი, ზ.
Relator term რედაქტორი
9 (RLIN) 10223
942 ## - ADDED ENTRY ELEMENTS (KOHA)
Koha item type წიგნი
Source of classification or shelving scheme
ეგზემპლარები
ჩამოწერის სტატუსი დაკარგული ეგზემპლარის სტატუსი კლასიფიკაციის წყარო ან თაროზე გაწყობის სქემა დაზიანების სტატუსი არ გაიცემა მუდმივი მდებარეობა (დაცვის ადგილი) ამჟამინდელი ადგილსამყოფელი თაროზე განთავსების ადგილი შეძენის თარიღი ღირებულება, შესყიდვის ნორმალური ფასი სრული შენახვის შიფრი შტრიხკოდი ბოლო ოპერაციის თარიღი ეგზემპლარის მიმდევრობითი ნომერი (კეტერი?) ფასის ძალაში შესვლის თარიღი ეგზემპლარის სახეობა საჯარო შენიშვნა
          ბათუმის შოთა რუსთაველის სახელმწიფო უნივერსიტეტის მთავარი ბიბლიოთეკა ბათუმის შოთა რუსთაველის სახელმწიფო უნივერსიტეტის მთავარი ბიბლიოთეკა წიგნსაცავი 2018-12-17 7.00 94(5)+323.1(5) ა-36 28212 2018-12-17 28212 2018-12-17 წიგნი 7 ლ.